All Animals Part 3 - Ursids - Statistics

General Stats
  • This quiz has been taken 9 times
  • The average score is 9 of 16
Answer Stats
Answer % Correct
Giant Panda
100%
Grizzly Bear
100%
Polar Bear
100%
American Black Bear
89%
Sun Bear
89%
Asian Black Bear
78%
Sloth Bear
67%
Spectacled Bear
67%
Kodiak Bear
56%
Eurasian Brown Bear
44%
Himalayan Brown Bear
22%
Kamchatka Brown Bear
11%
Qinling Panda
11%
Syrian Brown Bear
11%
Tibetan Blue Bear
11%
Ussuri Brown Bear
11%
No matching quizzes found
Score Distribution
Percent of People with Each Score
Percentile by Number Answered
Your Score History
You have not taken this quiz